000 01976cam a22005054i 4500
003 PE-LiUPU
005 20250731165500.0
008 150623s r 000 0 d
020 _a0687278155
035 _a(Sirsi) i9780687278152
040 _aPE-LiUPU
_bspa
_cPE-LiUPU
_erda
049 _aPRUA
082 0 4 _a220.77
_bN54
_221
245 0 0 _aNumbers; Deuteronomy; introduction to narrative literature; Joshua; Judges; Ruth; 1 and 2 Samuel.
_n2.
264 1 _aNashville :
_bAbingdon Press,
_c1998.
300 _a1388 páginas ;
_c27 centímetros
336 _atext
_2rdacontent
337 _aunmediated
_2rdamedia
338 _avolume
_2rdacarrier
490 0 _aThe New Interpreter's Bible
504 _aBibliografía al pie de algunas páginas.
505 0 _aThe Book of Numbers.- The Book of Deuteronomy.- Introduction to Narrative Literature.- The Book of Joshua.- The Book ofJudges.- The Book of Ruth.- The First and Second Books of Samuel.- Transliteration Schema.-Index of Excursuses, Maps, Charts, and Illustrations.
526 _aSEG44
526 _aSEG26
526 _aP151
526 _aP150
526 _aP149
526 _aP146
526 _aP145
526 _aP126
526 _aP125
526 _aP92
526 _aP75
526 _aP74
526 _aP27
526 _aP15
630 _aBiblia.
_pA.T.
_xComentarios.
700 1 _aKeck, Leander E.,
_eed.
942 _2ddc
_cBOOK
949 _aRC 220.77 N54 2
_wDEWEY
_c1
_i45661
_d2015-10-5
_lCCODEBUL1
_mBUL
_q1
_r0
_sY
_tBOOK
_u2015-6-24
_xTEOLOGIA
_PP35
_0COMPRA
_o.CIRCNOTE. No olvidar cambiar la fecha de devolución!!!!!!!
_o.STAFF. Colección General
994 _aC0
_bPEPRU
596 _a1
999 _aRC 220.77 N54 2
_wDEWEY
_c22538
_i45661
_d22538
_f2021-11-8
_g6
_lCCODEBUL1
_mBUL
_q7
_r1
_sY
_tBOOK
_u2015-6-24
_xTEOLOGIA
_PP35
_0COMPRA
_o.CIRCNOTE. No olvidar cambiar la fecha de devolución!!!!!!!
_o.STAFF. Colección General
980 _81
_gALBERTO SANCHEZ Responsable de Automatización